000 00700nam a2200205Ia 4500
003 GCL
008 140319s9999 xx 000 0 ara d
040 _aGCL /
_cGCL
082 0 4 _aد
_b050
_bم و
100 1 _aالمجلس القومى للثقافة العربية
245 1 0 _aالوحدة /
_cالمجلس القومى للثقافة العربية
260 _a[S.N] :
_bالمجلس القومي للثقافة العربية
300 _a160
490 _aمن اعلام الفنانين العرب
_v0
650 0 4 _aالسياسة الدولية
650 0 4 _aالسياسة
650 0 4 _aالسياسة الخارجية
650 0 4 _aالدول العربية
942 _2ddc
_cCF
999 _c27022
_d27022